000 00629nam a22001937a 4500
005 20240820164716.0
008 240820b1991 ck |||||r|||| 00| 0 spa d
020 _a9589061451
040 _aCO-JMCR
_cCO-JMCR
_dCO-JMCR
_erda
041 _aspa
082 _a305.84
_bG87c
100 _eautor
_aGross , Christian,
_943824
245 _aColombia indigena ;
_bIdentidad cultural y cambio social :
_cChristian Gross.
260 _aBogotá :
_bCerec ,
_c1991
300 _a335 páginas ;
_c21 cm.
650 1 4 _2JMCR
_aCultura indigena
_zColombia
_943825
650 2 4 _2JMCR
_aSituación social indigena
_zColombia
_943826
942 _2ddc
_cBK
999 _c30820
_d17204